000 00626cab a2200229 4500
001 A386
008 090401t1984 xxu||||| |||| 00| 0 eng d
035 _a(Sirsi) u28892
041 _aeng
100 _aBrown, G.
245 _aMaking property investment decisions via capital market theory
260 _c1984
350 _a0
490 _aJournal of Valuation
_v(1984) 2 JV 142-160(19)
650 _aINVESTMENT ANALYSIS
650 _aPORTFOLIO THEORY
650 _aPROPERTY INVESTMENT
650 _aRISK AND UNCERTAINTY
690 _aPROPERTY-PROPERTY FINANCE AND INVESTMENT
942 _n0
948 _c04/03/1997
999 _c19437
_d19437